[Event "AUTO-INT-1822"]
[Site "http://www.queenalice.com/game.php?id=834555"]
[Date "2010.9.18"]
[Round "1"]
[White "flanny"]
[Black "Drifter"]
[Result "1-0"]
[WhiteElo "1739"]
[BlackElo "1655"]

1. e4 e5 2. g3 Bc5 3. Nf3 Nc6 4. Bb5 Nd4 5. Nxd4 Bxd4 6. c3 Bc5 7. O-O Nf6 8. d3
c6 9. Bc4 O-O 10. b4 d5 11. bxc5 dxc4 12. d4 Nxe4 13. Qe2 Qd5 14. f3 Nf6 15. Nd2
Re8 16. Nxc4 exd4 17. Qd3 Bf5 18. Qxd4 Qxd4+ 19. cxd4 Bd3 20. Nd6 Re7 21. Rd1
Be2 22. Re1 h6 23. Nf5 Re6 24. Kf2 Rae8 25. Nd6 R8e7 26. Nf5 Re8 27. Bb2 Bd3 28.
Rxe6 Rxe6 29. Ne3 g5 30. Bc1 Nd5 31. a4 Re7 32. Ra3 Bb1 33. Ng4 Kh7 34. f4 f5
35. Ne3 Nxe3 36. Bxe3 Kg6 37. a5 a6 38. d5 cxd5 39. Rb3 Bc2 40. Rb6+ Kh5 41. Rd6
Be4 42. Bd4 Rh7 43. c6 gxf4 44. gxf4 Rc7 45. Rd7 Rxc6 46. Rxb7 Rc4 47. Bb6 Kg4
48. Rh7 h5 49. Be3 d4 50. Bd2 h4 51. Rh6 Bb7 52. Rg6+ Kh3 53. Rf6 Rc2 54. Ke1
Kxh2 55. Rxf5 Kg2 56. Ke2 h3 57. Rg5+ Kh1 58. Kd3 Ra2 59. f5 Bg2 60. f6 Ra1 61.
Kxd4 Rf1 62. Ke5 Rf2 63. Be3 Rf3 64. Bd4 Rf1 65. Ke6 Re1+ 66. Re5 Rd1 67. Ba7
Bf1 68. f7 Bc4+ 69. Ke7 Rd5 70. Rxd5 Bxd5 71. f8=Q h2 72. Qf1# 1-0

[Event "AUTO-INT-1822"]
[Site "http://www.queenalice.com/game.php?id=834556"]
[Date "2010.9.18"]
[Round "1"]
[White "Drifter"]
[Black "flanny"]
[Result "0-1"]
[WhiteElo "1634"]
[BlackElo "1666"]

1. e4 e6 2. e5 d6 3. Nf3 Nc6 4. d4 dxe5 5. dxe5 Bd7 6. Nc3 f6 7. Qe2 f5 8. Bg5
Be7 9. Bxe7 Ngxe7 10. O-O-O h6 11. Nd4 Qc8 12. Qe3 a6 13. Bc4 b5 14. Bb3 O-O 15.
f4 b4 16. Na4 Nxd4 17. Qxd4 Bxa4 18. Bxa4 c5 19. Qd6 Ra7 20. Bb3 c4 21. Ba4 b3
22. axb3 c3 23. Rd3 Rd8 24. Qb4 Rc7 25. bxc3 Rxd3 26. cxd3 Rxc3+ 27. Kd2 Rc2+
28. Ke1 Rc1+ 29. Kf2 Qc2+ 30. Ke3 Nd5+ 0-1

[Event "AUTO-INT-1822"]
[Site "http://www.queenalice.com/game.php?id=834569"]
[Date "2010.9.18"]
[Round "1"]
[White "Drifter"]
[Black "Givanildo"]
[Result "1-0"]
[WhiteElo "1640"]
[BlackElo "1626"]

1. e4 e5 2. Nf3 Qf6 3. Bc4 Bc5 4. O-O d6 5. d3 Bg4 6. Bg5 Qg6 7. c3 h6 8. Bh4
Bh3 9. Bg3 Bg4 10. h3 h5 11. d4 Bxf3 12. Qxf3 exd4 13. Re1 dxc3 14. Nxc3 c6 15.
e5 d5 16. Bd3 Qe6 17. Bh4 Nh6 18. Qxh5 g6 19. Qg5 Nd7 20. a3 Bd4 21. Bg3 Nf5 22.
Bxf5 Qxf5 23. Qxf5 gxf5 24. Rad1 Bc5 25. b4 Be7 26. e6 fxe6 27. Rxe6 Rh7 28. Bd6
Nf8 29. Re5 Kd7 30. Bxe7 Ng6 31. Nxd5 Nxe5 32. Nb6+ Kxe7 33. Nxa8 Rg7 34. Kh2 f4
35. f3 Kf7 36. Rd4 Ng6 37. Nc7 Ke7 38. a4 Nh4 39. Rxf4 Rxg2+ 40. Kh1 Rg7 41.
Rxh4 Kd7 42. Na8 Rf7 43. Kg2 Rg7+ 44. Rg4 Re7 45. h4 Re2+ 46. Kg3 b5 47. Rg7+
Kc8 48. Rxa7 Kb8 49. Rc7 Kxa8 50. Rxc6 bxa4 51. Ra6+ Kb7 52. Rxa4 Re8 53. b5 Kb6
54. Rb4 Ka5 55. Rb1 Rg8+ 56. Kh3 Rf8 57. b6 Rxf3+ 58. Kg4 Rf8 59. b7 Rb8 60. h5
Rg8+ 61. Kh4 Rb8 62. h6 Ka6 63. h7 Rh8 64. b8=Q Rxh7+ 65. Kg5 Rg7+ 66. Kf6 Rb7
67. Qxb7+ Ka5 68. Qa7# 1-0

[Event "AUTO-INT-1822"]
[Site "http://www.queenalice.com/game.php?id=834570"]
[Date "2010.9.18"]
[Round "1"]
[White "Givanildo"]
[Black "Drifter"]
[Result "1-0"]
[WhiteElo "1469"]
[BlackElo "1689"]

1. e4 e5 2. Bc4 Nf6 3. Qf3 Bc5 4. d3 O-O 5. Qg3 Nh5 6. Qxe5 d6 7. Qxh5 Qf6 8.
Nf3 Nc6 9. Bg5 Qxb2 10. O-O Qxa1 11. Bb5 Nb4 12. Bc4 Nxc2 13. Bf4 Bd4 14. Ng5 g6
15. Qxh7# 1-0

[Event "AUTO-INT-1822"]
[Site "http://www.queenalice.com/game.php?id=834571"]
[Date "2010.9.18"]
[Round "1"]
[White "Drifter"]
[Black "Sigmund"]
[Result "1-0"]
[WhiteElo "1619"]
[BlackElo "1755"]

1. e4 e5 2. Nf3 d6 3. Bc4 Nf6 4. Nc3 h6 5. d4 exd4 6. Nxd4 c5 7. Nf3 Nc6 8. Bb5
Bd7 9. O-O g5 10. h3 Nd4 11. Nxd4 cxd4 12. Qxd4 Bg7 13. Rd1 Bxb5 14. Nxb5 O-O
15. Nxd6 Ne8 16. e5 Nxd6 17. Qxd6 Qxd6 18. exd6 Bf6 19. c4 b6 20. Rb1 Rac8 21.
b3 Rfd8 22. h4 Be5 23. d7 Rc7 24. Rd5 f6 25. hxg5 Rcxd7 26. gxh6 Rxd5 27. cxd5
Rxd5 28. Be3 Kh7 29. Rc1 Rd7 30. f4 Bd4 31. Bxd4 Rxd4 32. g3 Kxh6 33. Kg2 Rd2+
34. Kh3 Rxa2 35. Kg4 Kg6 36. f5+ Kh6 37. Kh4 Rf2 38. g4 Rf3 39. Rc6 Kg7 40. Rc7+
Kh6 41. Rxa7 Rxb3 42. Rf7 b5 43. Rxf6+ Kg7 44. Rb6 b4 45. g5 Rb1 46. Rb7+ Kg8
47. Kh5 Rh1+ 48. Kg6 Rb1 49. f6 b3 50. f7+ 1-0

[Event "AUTO-INT-1822"]
[Site "http://www.queenalice.com/game.php?id=834572"]
[Date "2010.9.18"]
[Round "1"]
[White "Sigmund"]
[Black "Drifter"]
[Result "1-0"]
[WhiteElo "1676"]
[BlackElo "1649"]

1. e4 e5 2. Nf3 Nc6 3. Bc4 Nf6 4. O-O d5 5. exd5 Nxd5 6. d4 e4 7. Ne5 Nxe5 8.
dxe5 Be6 9. Bxd5 Bxd5 10. Nc3 c6 11. Be3 Qe7 12. Nxd5 cxd5 13. Qxd5 Qb4 14. Rad1
Qe7 15. Qxe4 Qe6 16. Qxb7 Qc8 17. Qb5+ Ke7 18. Bc5+ Ke6 19. Bxf8 Rxf8 20. Rd6+
Ke7 21. Rfd1 Rb8 22. Rd7+ Ke6 23. Qd5+ Kf5 24. e6+ Kf6 25. Qf3+ Kxe6 26. R1d6+
Ke5 27. Rd5+ 1-0

[Event "AUTO-OPEN-2205"]
[Site "http://www.queenalice.com/game.php?id=875714"]
[Date "2010.12.23"]
[Round "1"]
[White "melr111"]
[Black "Drifter"]
[Result "1-0"]
[WhiteElo "1902"]
[BlackElo "1628"]

1. d4 d5 2. Nf3 Nf6 3. Nc3 Nc6 4. e3 Bg4 5. Be2 e6 6. h3 Bf5 7. Bd3 Bxd3 8. cxd3
h6 9. e4 dxe4 10. dxe4 Bb4 11. Bd2 Bxc3 12. Bxc3 Nxe4 13. Qd3 Qd5 14. O-O O-O
15. Rfe1 Nxc3 16. bxc3 b5 17. Ne5 a6 18. Nxc6 Qxc6 19. Rac1 Qb6 20. Re5 c6 21.
g4 1-0

[Event "AUTO-OPEN-2205"]
[Site "http://www.queenalice.com/game.php?id=875715"]
[Date "2010.12.23"]
[Round "1"]
[White "Drifter"]
[Black "melr111"]
[Result "0-1"]
[WhiteElo "1634"]
[BlackElo "1896"]

1. e4 e5 2. Nf3 Nc6 3. Bc4 h6 4. O-O Nf6 5. Nc3 d6 6. h3 Be6 7. Bxe6 fxe6 8. d3
d5 9. exd5 exd5 10. Re1 Bd6 11. a3 d4 12. Nb5 a6 13. Nxd6+ Qxd6 14. c3 O-O-O 15.
c4 Rhe8 16. b4 e4 17. c5 Qd5 18. dxe4 Nxe4 19. Bb2 g5 20. Qd3 Kb8 0-1

[Event "AUTO-OPEN-2205"]
[Site "http://www.queenalice.com/game.php?id=875738"]
[Date "2010.12.23"]
[Round "1"]
[White "volga1"]
[Black "Drifter"]
[Result "1-0"]
[WhiteElo "1903"]
[BlackElo "1613"]

1. e4 e5 2. Nf3 Nc6 3. Bc4 Nf6 4. Ng5 d5 5. exd5 Nxd5 6. Nxf7 Kxf7 7. Qf3+ Ke6
8. Nc3 Ne7 9. Qe4 c6 10. d4 Ng6 11. O-O b5 12. Bxd5+ cxd5 13. Qg4+ Kd6 14. Nxb5+
Kc6 15. Qe2 Ba6 16. c4 Be7 17. dxe5 Bc5 18. cxd5+ Qxd5 19. Nd4+ Kb6 20. Qf3 Qxd4
21. Be3 Qxe5 22. Bxc5+ Kxc5 23. Rac1+ Kb6 24. Qc6+ Ka5 25. Rc5+ Qxc5 26. Qxc5+
Bb5 27. b4+ Ka6 28. Rd1 Rhd8 29. Re1 Rac8 30. Re6+ Kb7 31. Qxb5+ Ka8 32. h4 Rb8
33. Qc6+ Rb7 34. a3 Nf4 35. Re7 Rb8 36. Rxg7 a6 37. Qxa6+ Ra7 38. Qxa7# 1-0

[Event "AUTO-OPEN-2205"]
[Site "http://www.queenalice.com/game.php?id=875739"]
[Date "2010.12.23"]
[Round "1"]
[White "Drifter"]
[Black "volga1"]
[Result "0-1"]
[WhiteElo "1609"]
[BlackElo "2006"]

1. e4 g6 2. Nf3 Bg7 3. c3 d6 4. d4 Nd7 5. Bc4 e6 6. Bf4 Ne7 7. d5 e5 8. Bg5 h6
9. Bxe7 Qxe7 10. O-O b6 11. b4 Bb7 12. Bb3 O-O 13. c4 a5 14. Qd2 axb4 15. Qxb4
Nc5 16. Bc2 Bc8 17. h3 f5 18. Nc3 fxe4 19. Nxe4 Rxf3 20. gxf3 Ra4 21. Bxa4 Nxe4
22. fxe4 Bxh3 23. Qc3 Bxf1 24. Kxf1 Qh4 25. Re1 Qh1+ 26. Ke2 Qh2 27. Qg3 Qh5+
28. Qf3 Qh4 29. Rh1 Qg5 30. Be8 Bf6 31. Qh3 h5 32. Qe6+ Kg7 33. Qf7+ Kh6 34.
Qxc7 Qg4+ 35. Ke3 Bg5+ 36. Kd3 Qf3+ 37. Kc2 Qxe4+ 38. Kc3 Qxh1 39. Qxd6 Qc1+ 40.
Kb3 Qb1+ 41. Ka3 Bc1+ 42. Ka4 Qxa2+ 0-1

[Event "AUTO-OPEN-2205"]
[Site "http://www.queenalice.com/game.php?id=875754"]
[Date "2010.12.23"]
[Round "1"]
[White "Drifter"]
[Black "Paulsains"]
[Result "0-1"]
[WhiteElo "1623"]
[BlackElo "1779"]

1. e4 e5 2. Nf3 d6 3. Bc4 h6 4. O-O Nf6 5. Nc3 Be7 6. h3 O-O 7. d4 exd4 8. Nxd4
c5 9. Nf3 Nc6 10. Nd5 Nxd5 11. Bxd5 Be6 12. Bxc6 bxc6 13. b3 Bf6 14. Rb1 Qd7 15.
Qd3 d5 16. e5 Be7 17. c4 Bf5 18. Qd2 Bxb1 19. Ba3 Be4 20. Ne1 Qf5 21. f3 Bb1 22.
f4 d4 23. Qa5 Bxa2 24. Qc7 Qe6 25. Nd3 Rfc8 26. Qa5 Bxb3 0-1

[Event "AUTO-OPEN-2205"]
[Site "http://www.queenalice.com/game.php?id=875755"]
[Date "2010.12.23"]
[Round "1"]
[White "Paulsains"]
[Black "Drifter"]
[Result "1-0"]
[WhiteElo "1834"]
[BlackElo "1642"]

1. e4 e5 2. Nf3 Nc6 3. Bc4 Bc5 4. d3 Nf6 5. Ng5 d5 6. exd5 Nxd5 7. Qf3 Be6 8.
Nxe6 fxe6 9. O-O Ndb4 10. Bxe6 Rf8 11. Qd1 Qd6 12. Bc4 Na5 13. c3 Nbc6 14. b4
O-O-O 15. bxc5 Qxc5 16. Ba3 Nb4 17. Bxb4 Qxc4 18. dxc4 Rxd1 19. Rxd1 Re8 20.
Bxa5 b6 21. Bb4 1-0

[Event "Challenge"]
[Site "http://www.queenalice.com/game.php?id=891007"]
[Date "2011.1.25"]
[Round "-"]
[White "Drifter"]
[Black "CRICARDOP"]
[Result "1-0"]
[WhiteElo "1607"]
[BlackElo "1014"]

1. e4 Nh6 2. h3 e6 3. Nf3 Nc6 4. Bc4 Bc5 5. d4 d5 6. exd5 exd5 7. Bb5 Qe7+ 8.
Ne5 O-O 9. O-O Nxd4 10. Re1 Qf6 11. Nc3 Nxb5 12. Nxb5 a5 13. Re2 c6 14. Nd4 Nf5
15. c3 Re8 16. Ng4 Qh4 17. Rxe8+ Bf8 18. Nxf5 Bxf5 19. Rxa8 g6 20. Nh6+ 1-0

[Event "AUTO-INT-2033"]
[Site "http://www.queenalice.com/game.php?id=937955"]
[Date "2011.5.14"]
[Round "1"]
[White "Drifter"]
[Black "Nunes"]
[Result "0-1"]
[WhiteElo "1600"]
[BlackElo "2138"]

1. e4 c5 2. Bc4 Nc6 3. Nf3 Nf6 4. Nc3 d6 5. h3 e6 6. d3 Be7 7. O-O O-O 8. a3 h6
9. Be3 a6 10. d4 cxd4 11. Nxd4 Qc7 12. Qd3 Nxd4 13. Bxd4 Nxe4 14. Nxe4 d5 15.
Bb3 dxe4 16. Qxe4 Bc5 17. Be5 Qb6 18. c3 Qxb3 19. Rab1 Bd7 20. c4 f6 21. Bc3
Bxa3 22. Qd3 Bc6 23. Rfd1 Be7 24. Qe2 e5 25. Qg4 Rad8 26. Bd2 Rd4 27. Qe6+ Rf7
28. Qc8+ Bd8 29. f3 Rxd2 30. Rxd2 Qe3+ 31. Kh2 Qxd2 32. b3 Rd7 33. Qa8 Bxf3 34.
Rg1 Bxg2 35. Rxg2 Qf4+ 0-1

[Event "AUTO-INT-2033"]
[Site "http://www.queenalice.com/game.php?id=937956"]
[Date "2011.5.14"]
[Round "1"]
[White "Nunes"]
[Black "Drifter"]
[Result "1-0"]
[WhiteElo "2285"]
[BlackElo "1584"]

1. e4 e5 2. d4 Nc6 3. Nf3 d6 4. dxe5 Nxe5 5. Nxe5 dxe5 6. Qxd8+ Kxd8 7. Bc4 Ke8
8. Nc3 Nf6 9. Bg5 Bb4 10. Bxf6 Bxc3+ 11. bxc3 gxf6 12. Ke2 f5 13. Rab1 fxe4 14.
Ke3 f5 15. Rb5 Ke7 16. Rxe5+ Kf6 17. Rc5 c6 18. Rd1 Be6 19. Rd6 Rhe8 20. a4 Rac8
21. Kf4 Rc7 22. Bxe6 Rxe6 23. Rxf5+ Ke7 24. Rxe6+ Kxe6 25. Kxe4 Rd7 26. Rh5 Rd2
27. Rh6+ Kd7 28. Rxh7+ Kc8 29. g4 Rxc2 30. Kd3 Rxf2 31. g5 Rg2 32. h4 a5 33. Rh6
Kc7 34. g6 Kd7 35. Rh7+ Ke8 36. h5 Rf2 37. Rxb7 Rf3+ 38. Ke4 Rh3 39. g7 Rg3 40.
h6 1-0

[Event "AUTO-INT-2078"]
[Site "http://www.queenalice.com/game.php?id=957449"]
[Date "2011.7.6"]
[Round "1"]
[White "Drifter"]
[Black "MarceloF"]
[Result "0-1"]
[WhiteElo "1600"]
[BlackElo "1780"]

1. e4 c5 2. Bc4 e6 3. e5 Nc6 4. Nf3 d6 5. exd6 Bxd6 6. O-O Nf6 7. h3 O-O 8. d4
cxd4 9. Nxd4 Qc7 10. Nf3 Ne5 11. Nxe5 Bxe5 12. g3 Qxc4 13. Nd2 Qd4 14. c3 Qb6
15. Nc4 Qc5 16. Nxe5 Qxe5 17. Bf4 Qf5 18. c4 b6 19. Re1 Bb7 20. Kh2 Ne4 21. Qf3
e5 22. Qg4 Qxg4 23. hxg4 Nxf2 24. Bxe5 Nxg4+ 25. Kh3 Nxe5 26. Rxe5 f6 27. Re7
Bf3 28. b3 Rfd8 29. Rf1 Rd3 30. Rfe1 Rd1 31. R1e3 Rh1# 0-1

[Event "AUTO-INT-2078"]
[Site "http://www.queenalice.com/game.php?id=957450"]
[Date "2011.7.6"]
[Round "1"]
[White "MarceloF"]
[Black "Drifter"]
[Result "1-0"]
[WhiteElo "1796"]
[BlackElo "1598"]

1. e4 e5 2. Nf3 Nc6 3. Bc4 Nf6 4. Ng5 d5 5. exd5 Nxd5 6. Ne4 Na5 7. Bxd5 Qxd5 8.
Qf3 Qe6 9. Ng5 Qc4 10. Nc3 Bg4 11. Qe4 Qxe4+ 12. Ncxe4 f6 13. Nf3 O-O-O 14. O-O
Bxf3 15. gxf3 Be7 16. d3 f5 17. Ng5 Bxg5 18. Bxg5 Rd7 19. Rfe1 Nc6 20. f4 h6 21.
Bh4 exf4 22. f3 Nd4 23. Rf1 g5 24. Bf2 Nxf3+ 25. Kg2 g4 26. Bxa7 b6 27. a4 Kb7
28. a5 Kxa7 29. axb6+ Kxb6 30. Ra4 Nd4 31. Rxf4 Nxc2 32. Rxf5 Ne3+ 33. Kg3 Nxf5+
34. Kxg4 Ne3+ 35. Kh5 Rxd3 36. Rb4+ 1-0

[Event "AUTO-INT-2078"]
[Site "http://www.queenalice.com/game.php?id=957451"]
[Date "2011.7.6"]
[Round "1"]
[White "Drifter"]
[Black "stephane8cr"]
[Result "0-1"]
[WhiteElo "1616"]
[BlackElo "1627"]

1. e4 d6 2. Bc4 Nf6 3. Nc3 g6 4. Nf3 Bg7 5. O-O Nc6 6. d4 O-O 7. Bg5 Nxe4 8.
Nxe4 d5 9. Bd3 dxe4 10. Bxe4 Bg4 11. Qd3 Bxf3 12. Bxf3 Nxd4 13. Be4 c6 14. Qa3
Qb6 15. Bxe7 Rfe8 16. Bc5 Qxb2 17. Qxb2 Ne2+ 18. Kh1 Bxb2 19. Rab1 Rxe4 20. Rxb2
b6 21. Be3 Rd8 22. f3 Rxe3 23. Re1 Rde8 24. c3 Nxc3 0-1

[Event "AUTO-INT-2078"]
[Site "http://www.queenalice.com/game.php?id=957452"]
[Date "2011.7.6"]
[Round "1"]
[White "stephane8cr"]
[Black "Drifter"]
[Result "0-1"]
[WhiteElo "1423"]
[BlackElo "1591"]

1. e4 e5 2. Nf3 Nc6 3. Bb5 Nf6 4. O-O Bc5 5. c3 a6 6. Ba4 Nxe4 7. Qe2 Ng5 8.
Nxg5 Qxg5 9. d4 Qe7 10. dxc5 Qxc5 11. Bxc6 bxc6 12. Be3 Qd5 13. c4 Qe6 14. Nd2
d5 15. Bc5 e4 16. Rfe1 f5 17. f4 Qg6 18. Nb3 Be6 19. Nd4 Bd7 20. b3 Rb8 21. Rac1
h6 22. Rc3 Qf6 23. Rg3 g5 24. Qh5+ Kd8 25. cxd5 cxd5 26. Qe2 gxf4 27. Rc3 Rg8
0-1

[Event "AUTO-INT-2078"]
[Site "http://www.queenalice.com/game.php?id=957453"]
[Date "2011.7.6"]
[Round "1"]
[White "Drifter"]
[Black "thedocwat"]
[Result "0-1"]
[WhiteElo "1590"]
[BlackElo "1850"]

1. e4 c5 2. Bc4 e6 3. Nc3 a6 4. e5 Qg5 5. Qf3 Qxe5+ 6. Nge2 Nf6 7. O-O Bd6 8. g3
O-O 9. Re1 b5 10. Qxa8 Nc6 11. Bd3 c4 12. Nf4 Qxe1+ 13. Bf1 Bxf4 14. gxf4 Ng4
15. Kg2 Qxf2+ 16. Kh3 Nxh2 17. Bg2 Qxf4 18. d3 Qe5 19. dxc4 Qh5+ 20. Kg3 Qe5+
21. Bf4 Qh5 22. cxb5 e5 23. Be3 e4 24. bxc6 dxc6 25. Qxc6 Nf3 26. Qxe4 Ne5 27.
Bd4 Qg5+ 28. Kf2 Qf6+ 29. Kg1 Qd6 30. Bxe5 Qb6+ 31. Kh2 Re8 32. b3 Qh6+ 33. Kg1
Qh5 34. Re1 f6 35. Qd5+ Be6 36. Bf3 Qg5+ 37. Kf2 Bxd5 38. Bxd5+ Kh8 39. Bd6 Qd2+
0-1

[Event "AUTO-INT-2078"]
[Site "http://www.queenalice.com/game.php?id=957454"]
[Date "2011.7.6"]
[Round "1"]
[White "thedocwat"]
[Black "Drifter"]
[Result "0-1"]
[WhiteElo "1661"]
[BlackElo "1597"]

1. e4 e5 2. Nf3 Nc6 3. Bb5 Nf6 4. O-O Nxe4 5. d3 Nd6 6. Bg5 f6 7. Bh4 Nxb5 8.
Nc3 Nxc3 9. Qd2 Nd5 10. c4 Bb4 11. Qc2 Nf4 12. a3 Bc5 13. Qa4 Nxd3 14. Rad1 Nxb2
15. Qc2 Nxd1 16. Rxd1 d6 17. a4 Bg4 18. Qe4 Bxf3 19. Qxf3 O-O 20. Qd5+ Kh8 21.
g3 Qd7 22. Kg2 g5 23. Bxg5 fxg5 24. h3 Rxf2+ 25. Kh1 Qxh3+ 26. Kg1 Qh2# 0-1